Click The Biggest City In Europe - Map Quiz - Statistics

General Stats
  • This quiz has been taken 33 times
    16 since last reset
  • The average score is 29 of 43
Answers on the Map
Answers color-coded by a green-red scale on the quiz's map according to % correct below.
 
Answer Stats
Answer % Correct
Antwerp
92%
Barcelona
92%
Bergen
92%
Birmingham
92%
Aarhus
85%
Gothenburg
85%
Graz
85%
Hamburg
85%
Kharkiv
85%
Marseille
85%
Milan
85%
Porto
85%
Rotterdam
85%
Zürich
85%
Cork
77%
Kraków
77%
Maribor
77%
Saint Petersburg
77%
Thessaloniki
77%
Brno
69%
Cluj-Napoca
69%
Debrecen
69%
Kaunas
69%
Plovdiv
69%
Split
69%
Banja Luka
62%
Daugavpils
62%
Durrës
62%
Esch-sur-Alzette
62%
Košice
62%
Schaan
62%
Tampere
62%
Escaldes-Engordany
54%
Kópavogur
54%
Novi Sad
54%
Homyel
46%
Serravalle
46%
Tartu
46%
Bălți
38%
Prizren
38%
Qormi
38%
Nikšić
31%
Kumanovo
15%
No matching quizzes found
Score Distribution
Percent of People with Each Score
Percentile by Number Answered
Your Score History
You have not taken this quiz since the last reset